| 000 | 01059cam a22003134a 4500 | ||
|---|---|---|---|
| 001 | 14325990 | ||
| 003 | ARRUPE | ||
| 005 | 20150529111435.0 | ||
| 008 | 060403s2006 nyua 001 0 eng | ||
| 010 | _a 2006044333 | ||
| 020 | _a006113032X | ||
| 020 | _a9780061130328 | ||
| 035 | _a(OCoLC)ocm65644741 | ||
| 035 | _a(OCoLC)65644741 | ||
| 040 |
_aDLC _cDLC _dBAKER _dC#P _dBTCTA _dYDXCP _dDLC |
||
| 042 | _apcc | ||
| 050 | 0 | 0 |
_aQB982 _b.H66 2006 |
| 082 | 0 | 0 |
_a523.1 _222 |
| 100 | 1 |
_aHooper, Dan, _d1976- _917839 |
|
| 245 | 1 | 0 |
_aDark cosmos : _bin search of our universe's missing mass and energy / _cDan Hooper. |
| 260 |
_aNew York : _bSmithsonian Books/Collins, _c2006. |
||
| 300 |
_axiii, 240 p. : _bill. ; _c24 cm. |
||
| 500 | _aIncludes index. | ||
| 650 | 0 |
_aCosmology _vPopular works. _917840 |
|
| 650 | 0 |
_aPhysics _vPopular works. _917841 |
|
| 906 |
_a7 _bcbc _corignew _d1 _eocip _f20 _gy-gencatlg |
||
| 942 |
_2lcc _cMONOGRAPH |
||
| 999 |
_c122848 _d122848 |
||